000 01278nam a22003137a 4500
005 20170325020002.0
008 021114s2002 ck ab r 00110 spa d
020 _a9588151082
040 _aCO-BoIAVH
_cCO-BoIAVH
041 0 _aspa
044 _ack
082 0 4 _a598.2
_bR40l
245 0 0 _aLibro rojo de aves de Colombia /
_cilustraciones Robin Schiele y Juan Cristóbal Calle. Editores Luis Miguel Renjifo ... [et al.].
260 _aBogotá
_bMinisterio del Medio Ambiente
_bInstituto Alexander von Humboldt
_c2002.
300 _a562 p. :
_bil., mapas ;
_c25 cm.
504 _aIncluye bibliografía e índice de nombres científicos y comunes.
590 _aReposición del Item CID-029515 13/10/2015
650 _aAves
_z Colombia.
_940875
650 6 _aAves extintas
_z Colombia.
_940876
650 6 _aAves
_v Clasificación
_z Colombia.
_940877
650 6 _aPoblación de aves
_z Colombia.
_940878
650 6 _aAves
_x Distribución geográfica
_z Colombia.
_940879
650 _aAves
_x Conservación de especímenes
_z Colombia.
_940880
650 6 _aAves
_x Hábitos y conducta.
_940881
700 1 _aSchiele, Robin,
_eil.
_940882
700 1 _aCalle-Vélez, Juan Cristóbal,
_eil.
_96418
700 1 _aRenjifo, Luis Miguel,
_eed.
_940883
942 _2ddc
_cLIBRO
_017
999 _c8583
_d8583